History Quiz

Random History or State Quiz

11 States That Could Pick the US President Quiz Stats

 Plays Quiz Updated Nov 8, 2017

Score 0/11 Timer 01:30
3 Plays Today
% Correct
California
96.5%
New York
95.8%
Texas
94.4%
Florida
94.2%
Pennsylvania
88.7%
Ohio
84.4%
Illinois
80.9%
Michigan
75.2%
North Carolina
62.7%
New Jersey
59.8%
Georgia
59.6%

You're not logged in!

Compare scores with friends on all Sporcle quizzes.
OR
Log In

Show Comments

Extras

Top Quizzes Today


Score Distribution

Your Account Isn't Verified!

In order to create a playlist on Sporcle, you need to verify the email address you used during registration. Go to your Sporcle Settings to finish the process.

Report this User

Report this user for behavior that violates our Community Guidelines.

Details: